<?xml version="1.0" encoding="UTF-8"?>
<record
    xmlns:xsi="http://www.w3.org/2001/XMLSchema-instance"
    xsi:schemaLocation="http://www.loc.gov/MARC21/slim http://www.loc.gov/standards/marcxml/schema/MARC21slim.xsd"
    xmlns="http://www.loc.gov/MARC21/slim">

  <leader>01480nam a2200265   4500</leader>
  <controlfield tag="001">113808</controlfield>
  <controlfield tag="003">DR-UNIBE</controlfield>
  <controlfield tag="005">20250701083544.0</controlfield>
  <controlfield tag="008">250630b2016    dr ||||| |||| 00| 0 spa d</controlfield>
  <datafield tag="040" ind1=" " ind2=" ">
    <subfield code="a">BIBLIOTECA UNIBE</subfield>
    <subfield code="b">spa</subfield>
    <subfield code="c">BIBLIOTECA UNIBE</subfield>
    <subfield code="e">rda</subfield>
  </datafield>
  <datafield tag="041" ind1=" " ind2=" ">
    <subfield code="a">spa</subfield>
  </datafield>
  <datafield tag="082" ind1=" " ind2=" ">
    <subfield code="2">22</subfield>
    <subfield code="a">RD 371.202  C355p</subfield>
  </datafield>
  <datafield tag="100" ind1="1" ind2="0">
    <subfield code="a">Castro Cabrera, Nilka</subfield>
    <subfield code="9">11458</subfield>
    <subfield code="e">consultor</subfield>
  </datafield>
  <datafield tag="245" ind1="1" ind2="0">
    <subfield code="a">Protocolo para la promoci&#xF3;n de la cultura de paz y buen trato en los centros educativos :</subfield>
    <subfield code="b">documento para validaci&#xF3;n a&#xF1;o escolar 2016-1017 /</subfield>
    <subfield code="c">Nilka Castro</subfield>
  </datafield>
  <datafield tag="250" ind1=" " ind2=" ">
    <subfield code="a">Primera edici&#xF3;n </subfield>
  </datafield>
  <datafield tag="260" ind1=" " ind2=" ">
    <subfield code="a">Santo Domingo ;</subfield>
    <subfield code="b">Rep&#xFA;blica Dominicana. Ministerio de Educaci&#xF3;n (MINERD). Viceministerio de Servicios T&#xE9;cnicos y Pedag&#xF3;gicos,</subfield>
    <subfield code="c">2016</subfield>
  </datafield>
  <datafield tag="300" ind1=" " ind2=" ">
    <subfield code="a">108 p&#xE1;ginas :</subfield>
    <subfield code="b">tablas, gr&#xE1;ficas ; </subfield>
    <subfield code="c">21 x 21 cm</subfield>
  </datafield>
  <datafield tag="505" ind1=" " ind2=" ">
    <subfield code="a">Presentaci&#xF3;n |
Introducci&#xF3;n |
1. Marco normativo |
2. Objetivos |
3. &#xC1;mbito de aplicaci&#xF3;n |
4. Enfoques curriculares en los que se basa el protocolo |
5. Principios que orientan el protocolo |
7. Fases de implementaci&#xF3;n del protocol |
8. Bibliograf&#xED;a</subfield>
  </datafield>
  <datafield tag="650" ind1=" " ind2="7">
    <subfield code="2">lemb</subfield>
    <subfield code="a">Centros educativos</subfield>
    <subfield code="z">Rep&#xFA;blica Dominicana</subfield>
    <subfield code="9">196823</subfield>
  </datafield>
  <datafield tag="650" ind1=" " ind2="7">
    <subfield code="2">lemb</subfield>
    <subfield code="a">Convivencia</subfield>
    <subfield code="z">Rep&#xFA;blica Dominicna</subfield>
    <subfield code="9">196824</subfield>
  </datafield>
  <datafield tag="650" ind1=" " ind2="7">
    <subfield code="2">lemb</subfield>
    <subfield code="a">Cultura de paz</subfield>
    <subfield code="z">Rep&#xFA;blica Dominicana</subfield>
    <subfield code="9">196825</subfield>
  </datafield>
  <datafield tag="700" ind1="1" ind2="0">
    <subfield code="a">P&#xE9;rez Jim&#xE9;nez, Minerva R.</subfield>
    <subfield code="9">15376</subfield>
    <subfield code="e">coordinador general</subfield>
  </datafield>
  <datafield tag="710" ind1="1" ind2="0">
    <subfield code="a">Ministerio de Educaci&#xF3;n (MINERD).  Direcci&#xF3;n de Orientaci&#xF3;n y Psicolog&#xED;a</subfield>
    <subfield code="9">196819</subfield>
    <subfield code="e">revisi&#xF3;n</subfield>
    <subfield code="e">aportes</subfield>
  </datafield>
  <datafield tag="942" ind1=" " ind2=" ">
    <subfield code="2">ddc</subfield>
    <subfield code="c">BK</subfield>
  </datafield>
  <datafield tag="999" ind1=" " ind2=" ">
    <subfield code="c">113808</subfield>
    <subfield code="d">113808</subfield>
  </datafield>
  <datafield tag="952" ind1=" " ind2=" ">
    <subfield code="0">0</subfield>
    <subfield code="1">0</subfield>
    <subfield code="2">ddc</subfield>
    <subfield code="7">0</subfield>
    <subfield code="8">GEN-RD</subfield>
    <subfield code="a">Principal</subfield>
    <subfield code="d">2025-05-07</subfield>
    <subfield code="l">0</subfield>
    <subfield code="o">RD 371.202  C355p</subfield>
    <subfield code="p">250684</subfield>
    <subfield code="r">2025-06-30 16:16:15</subfield>
    <subfield code="t">Ej. 1</subfield>
    <subfield code="w">2025-06-30</subfield>
    <subfield code="y">BK</subfield>
  </datafield>
</record>
